Αξιολόγηση κοινωνικο-οικονομικής συνεισφοράς των αλιευτικών καταφυγίων βάσει των αναμενομένων επιπτώσεων της κλιματικής αλλαγής : η περίπτωση της Λέσβου

Στα πλαίσια της παρούσας πτυχιακής εργασίας γίνεται έρευνα στα αλιευτικά καταφύγια της νήσου Λέσβου και στους αλιείς που τα χρησιμοποιούν. Μεγάλη έμφαση δίνεται στην γνώση τους για την κλιματική αλλαγή, τα ακραία καιρικά φαινόμενα, την άνοδο της στάθμης της θάλασσας, καθώς και στην προσφορά των αλιε...

Πλήρης περιγραφή

Αποθηκεύτηκε σε:
Λεπτομέρειες βιβλιογραφικής εγγραφής
Κύριος συγγραφέας: Καραμανλίδης, Δημήτριος
Συγγραφή απο Οργανισμό/Αρχή: Πανεπιστήμιο Αιγαίου Σχολή Περιβάλλοντος Τμήμα Επιστημών της Θάλασσας
Μορφή: Thesis Βιβλίο
Γλώσσα:Greek
Δημοσίευση: 2014.
Θέματα:
Διαθέσιμο Online:http://hdl.handle.net/11610/7431
Ετικέτες: Προσθήκη ετικέτας
Δεν υπάρχουν, Καταχωρήστε ετικέτα πρώτοι!

MARC

LEADER 00000cam a2200000 a 4500
001 1/110079
008 160226s2014####gr ad ||| |||| ||gre||
040 |a GR-MyUa  |b gre  |c GR-MyUa  |e AACR2 
041 0 |a gre 
082 7 |a 338.372   |2 (23)  
100 1 |a Καραμανλίδης, Δημήτριος. 
245 1 0 |a Αξιολόγηση κοινωνικο-οικονομικής συνεισφοράς των αλιευτικών καταφυγίων βάσει των αναμενομένων επιπτώσεων της κλιματικής αλλαγής :   |b η περίπτωση της Λέσβου /   |c Δημήτριος Καραμανλίδης ; επιβλέπων καθηγητής: Γεώργιος Κοκορης.  
260 |c 2014.  
300 |a 70 σ. :   |b πίν., διαγρ. ;   |c 24 εκ.  
502 |a Πτυχιακή εργασία – Πανεπιστήμιο Αιγαίου, Λέσβος, 2014. 
504 |a Περιλαμβάνει βιβλιογραφία και παράρτημα.  
506 0 |a Ηλεκτρονική διάθεση στο πλήρες κείμενο - ελεύθερης πρόσβασης.  
520 8 |a Στα πλαίσια της παρούσας πτυχιακής εργασίας γίνεται έρευνα στα αλιευτικά καταφύγια της νήσου Λέσβου και στους αλιείς που τα χρησιμοποιούν. Μεγάλη έμφαση δίνεται στην γνώση τους για την κλιματική αλλαγή, τα ακραία καιρικά φαινόμενα, την άνοδο της στάθμης της θάλασσας, καθώς και στην προσφορά των αλιευτικών καταφυγίων τόσο κοινωνικά όσο και οικονομικά στις τοπικές περιοχές. Για τον σκοπό αυτό πραγματοποιήθηκε μια βιβλιογραφική ανασκόπηση, ώστε να συνταχθεί ένα ερωτηματολόγιο, που να ανταποκρίνεται στους έμπειρους αλιείς της Λέσβου, με σκοπό να συλλεχθούν όσο το δυνατόν περισσότερες πληροφορίες για την διεκπεραίωση της παρούσας έρευνας. Η μεθοδολογία που χρησιμοποιήθηκε περιλαμβάνει ένα ερωτηματολόγιο, την χρήση προγράμματος για την στατιστική ανάλυση (SPSS) καθώς και την μελέτη της διεθνούς βιβλιογραφίας με σκοπό την κατανόηση της κλιματικής αλλαγής, των εννοιών της τρωτότητας καθώς και την κοινωνικό-οικονομική συνεισφορά των αλιευτικών καταφυγίων τόσο σε τοπικό όσο και σε διεθνές επίπεδο. Συμπερασματικά τα δεδομένα που πρόεκυψαν αφορούν αρχικά την καταγραφή και των 47 αλιευτικών καταφυγίων της Λέσβου όσο αναφορά την θέση τους, την χρήση καθώς και την πρόσφορα τους τόσο κοινωνικά όσο και οικονομικά. Στα πλαίσια της παρούσας έρευνας επίσης μελετήθηκαν και εξετάστηκαν κατά πόσο εκτεθειμένα είναι τα αλιευτικά καταφύγια στα ακραία καιρικά φαινόμενα. Εν συνεχεία γίνεται αναφορά στην κατανόηση των όρων της κλιματικής αλλαγής και της τρωτότητας. Κλείνοντας μεγάλο ενδιαφέρον παρουσίασε η αντίδραση των αλιέων στην πρόθεση τους για βελτίωση των υποδομών των αλιευτικών καταφυγίων. 
650 0 |a Fisheries  |z Greece  |z Lesbos (Municipality) 
650 0 |a Fishers  |z Greece  |z Lesbos (Municipality)  |x Attitudes. 
650 0 |a Fishers  |z Greece  |z Lesbos (Municipality) 
700 1 |a Κόκκορης, Γεώργιος Δ.  |e dgs 
710 2 |a Πανεπιστήμιο Αιγαίου  |b Σχολή Περιβάλλοντος  |b Τμήμα Επιστημών της Θάλασσας. 
852 |a INST  |b LESVOS  |c DIATR  |e 20160226  |h 911  |p 005100057328  |q 005100057328  |t DIE  |y 23 
852 |a INST  |b LESVOS  |c DIATR  |e 20160226  |h 912  |p 005100057329  |q 005100057329  |t DIE  |y 23 
856 |u http://hdl.handle.net/11610/7431 
924 |a Καραμανλίδης  |b Δημήτριος  |y Λέσβος  |z 2014-07 
970 |a Τζαφέρη  |b Ευαγγελία  |z 26-02-2016